Smithsonian Studies in American Art

محفوظ في:

التنسيق: دورية

اللغة: Undetermined

منشور في: JSTOR
The University of Chicago Press

الموضوعات:

الوصول للمادة أونلاين: Login to view Source

الوسوم: إضافة وسم

لا توجد وسوم, كن أول من يضع وسما على هذه التسجيلة!

رقم الطلب:

LEADER 00579nas a2200193Ia 4500
008 220214c99999999xx |||||||||||| ||und||
022 |a 0890-4901 
245 0 0 |a Smithsonian Studies in American Art 
264 1 |b JSTOR 
264 1 |b The University of Chicago Press 
362 0 |a Vol. 1(1987)-4 (1990) 
653 1 0 |a Area Studies 
653 1 0 |a Art & Art History 
653 1 0 |a Arts 
653 1 0 |a History 
856 4 0 |u https://www.jstor.org/journal/smitstudamerart 
942 |c JL 
952 |0 0  |1 0  |4 0  |7 1  |9 37214  |a JSR  |b JSR  |d 2022-02-14  |l 0  |r 2022-02-14 00:00:00  |w 2022-02-14  |y JL 
999 |c 45545  |d 45545